Štúdium prechodovej oblasti spájkovaného spoja keramiky ITO = Study of transition areas of soldering joint ITO ceramics : Diplomová práca

Salvato in:
Dettagli Bibliografici
Autore principale: Provazník, Martin, 1984- (Autore)
Altri autori: Koleňák, Roman, 1973- (xxx)
Natura: Manoscritto Libro
Lingua:slovacco
Pubblicazione: Trnava : STU v Bratislave MTF UVTE KZv, 2009
Soggetti:
Tags: Aggiungi Tag
Nessun Tag, puoi essere il primo ad aggiungerne!!

MARC

LEADER 00000ntm a22000003a 4500
001 stu187843
005 20150617225605.0
008 090724s2009----xo------------------slo-d
040 |a STU  |b slo 
041 0 |a slo 
044 |a xo 
100 1 |a Provazník, Martin,  |d 1984-  |4 aut  |u M3000  |U MTF Materiálovotechnologická fakulta  |T MTF Ústav výrobných technológií  |X 32790  |U M3000  |Y 83  |7 A000032790 
245 1 |a Štúdium prechodovej oblasti spájkovaného spoja keramiky ITO = Study of transition areas of soldering joint ITO ceramics :  |b Diplomová práca 
260 |a Trnava :  |b STU v Bratislave MTF UVTE KZv,  |c 2009 
300 |a 63 s  |c 1 CD-ROM 
500 |a Študijný odbor: 5.2.51 výrobné technológie 
500 |a Študijný program: zváranie a spájanie materiálov 
650 7 |a mäkké spájkovanie  |2 stusub 
650 7 |a aktívne spájky  |2 stusub 
650 7 |a vysokovýkonový ultrazvuk  |2 stusub 
650 7 |a ITO keramika  |2 stusub 
700 1 |a Koleňák, Roman,  |d 1973-  |4 xxx  |u M3000  |U MTF Materiálovotechnologická fakulta  |T MTF Ústav výrobných technológií  |X 2767  |U M3000  |Y 83  |7 A000002767 
996 |b 284M070537  |c M*DP-8201  |l MMSKP  |s P  |a 0  |w stu187843_0001